000 00304nam a2200121Ia 4500
008 190216s9999||||xx |||||||||||||| ||und||
100 _aVimal D&Amp;&Amp;Malti Sahai
245 0 _aSholay A Cultural Reading
260 _bWiley Eastern Ltd
_c1992
300 _a131
650 _aEnglish Novel
942 _cBK
999 _c14106
_d14106